Explicaciones de los Caprichos de Goya / (Record no. 83881)

MARC details
000 -LEADER
campo de control de longitud fija 00810nam a2200241 i 4500
001 - NÚMERO DE CONTROL
campo de control C00087596c
005 - FECHA Y HORA DE LA ÚLTIMA TRANSACCIÓN
campo de control 20241029153015.0
008 - DATOS DE LONGITUD FIJA--INFORMACIÓN GENERAL
campo de control de longitud fija 240614s2023 sp |||| ||spa d
017 ## - NÚMERO DE COPYRIGHT O DE DEPÓSITO LEGAL
Número de copyright o de depósito legal LU 170-2023
020 ## - NÚMERO INTERNACIONAL ESTÁNDAR DEL LIBRO
Número Internacional Estándar del Libro 978-84-09-57840-5
040 ## - FUENTE DE CATALOGACIÓN
Centro catalogador/agencia de origen M-RABA
Lengua de catalogación spa
Centro/agencia transcriptor M-RABA
100 1# - ENTRADA PRINCIPAL--NOMBRE DE PERSONA
Nombre de persona López Vázquez, José Manuel B. (
Fechas asociadas al nombre 1952-)
9 (RLIN) 39045
245 10 - MENCIÓN DEL TÍTULO
Título Explicaciones de los Caprichos de Goya /
Mención de responsabilidad, etc. José Manuel B. López Vázquez.
260 ## - PUBLICACIÓN, DISTRIBUCIÓN, ETC.
Lugar de publicación, distribución, etc. Lugo :
Nombre del editor, distribuidor, etc. Ta ta ta :
-- 2023.
300 ## - DESCRIPCIÓN FÍSICA
Extensión 2 v. [416 p. y 450 p.] :
Otras características físicas il. ;
Dimensiones 24 cm.
500 ## - NOTA GENERAL
Nota general Incluye 2 volúmenes.
600 14 - PUNTO DE ACCESO ADICIONAL DE MATERIA--NOMBRE DE PERSONA
Nombre de persona Goya, Francisco de (
Fechas asociadas al nombre 1746-1828).
Título de la obra Los Caprichos.
9 (RLIN) 16972
650 #4 - PUNTO DE ACCESO ADICIONAL DE MATERIA--TÉRMINO DE MATERIA
Término de materia o nombre geográfico como elemento de entrada Arte-
Subdivisión general Teoria.
9 (RLIN) 79074
852 4# - LOCALIZACIÓN
Ubicación M-RABA
Número de control de estantería I-1982
852 4# - LOCALIZACIÓN
Ubicación M-RABA
Número de control de estantería I-1983
Holdings
Estatus retirado Estado de pérdida Estado de daño No para préstamo Colección Biblioteca de origen Biblioteca actual Ubicación en estantería Fecha de adquisición Fuente de adquisición Enumeración/cronología de publicación seriada Total de préstamos Signatura topográfica completa Código de barras Visto por última vez Precio de reemplazo Tipo de ítem Koha Nota pública
          Real Academia de la Bellas Artes de San Fernando Real Academia de la Bellas Artes de San Fernando Depósito 2 14/06/2024 C v. 2   I-1983 1094479 15/10/2024 15/10/2024 Fondo moderno Cv. 2
          Real Academia de la Bellas Artes de San Fernando Real Academia de la Bellas Artes de San Fernando Depósito 2 14/06/2024 C v. 1   I-1982 1094478 15/10/2024 15/10/2024 Fondo moderno Cv. 1

Powered by Koha